Deficitom rozpočtu sa problémy len začínajú

Analýza príčin schodku štátneho rozpočtu SR v prvom polroku 1993 z pohľadu pracovníka M.E.S.A.10. Hlavná príčina - neplnenie príjmov, nezvládnutá daňová reforma. Analýzou štatistických údajov a ich porovnaním s r.1991-1992 autor dospieva k názoru, že deficit rozpočtu r.1993 môže dosiahnuť 30-35 mld...

Descrizione completa

Salvato in:
Dettagli Bibliografici
Autore principale: Palacka, G.
Natura: Capitolo di libro
Lingua:slovacco
Soggetti:
Tags: Aggiungi Tag
Nessun Tag, puoi essere il primo ad aggiungerne!!

MARC

LEADER 00000naa a2200000 4500
001 r014424
005 20221205080547.2
041 0 |a slo 
044 |a SK 
245 1 0 |a Deficitom rozpočtu sa problémy len začínajú  |c G. Palacka 
520 |a Analýza príčin schodku štátneho rozpočtu SR v prvom polroku 1993 z pohľadu pracovníka M.E.S.A.10. Hlavná príčina - neplnenie príjmov, nezvládnutá daňová reforma. Analýzou štatistických údajov a ich porovnaním s r.1991-1992 autor dospieva k názoru, že deficit rozpočtu r.1993 môže dosiahnuť 30-35 mld Sk a roztočí sa inflačná špirála. 
610 2 0 |a rozpočet štátny 
610 2 0 |a Slovensko 
610 2 0 |a 1993 
610 2 0 |a január-jún 
610 2 0 |a deficit 
610 2 0 |a údaje štatistické 
100 1 |a Palacka, G.